000 00598nam a2200217 a 4500
999 _c8201
_d8201
001 8201
003 BD-JhCC
005 20180219122840.0
008 180219s1985 c a|||| || | 000 0 eng d
035 _a(BD-JhCC)8201
040 _aBD-JhCC
_dBD-JhCC
041 _aeng
082 _a425
_bWOO 1985
100 _aWoodruff, G. Willard
245 _aWorking Words in Spelling /
_cG. Willard Woodruff and George N. Moore
260 _aToronto :
_bD. C. Heath and Company,
_c1985.
300 _a176 p. :
_bill. ;
_c23 cm.
650 _aSpelling
_xEnglish Language
942 _2ddc
_cBK